Biggest Trading Partners - Palestine - Statistics

General Stats
  • This quiz has been taken 1,093 times
  • The average score is 17 of 23
Answer Stats
exports imports country % Correct
10.7 mil 55.6 mil United States
95%
67.5 mil Egypt
94%
803 mil 3045 mil Israel
94%
14.8 mil 71.9 mil Saudi Arabia
94%
368 mil China
91%
60.1 mil 142 mil Jordan
90%
3.15 mil 379 mil Turkey
90%
1.56 mil 66.3 mil France
88%
4.54 mil United Kingdom
88%
0.92 mil 148 mil Germany
86%
18.7 mil United Arab Emirates
86%
1.31 mil 68.8 mil Italy
84%
72.4 mil Spain
82%
9.65 mil Qatar
79%
81.4 mil Japan
77%
12.6 mil Kuwait
72%
39.9 mil South Korea
67%
2.43 mil Algeria
65%
1.80 mil 43.0 mil Netherlands
60%
2.57 mil Poland
52%
51.2 mil Switzerland
47%
53.9 mil Ukraine
42%
0.84 mil Malta
14%
No matching quizzes found
Score Distribution
Percent of People with Each Score
Percentile by Number Answered
Your Score History
You have not taken this quiz